=LDR 00000nam 2200000 4500 =001 INLIS000000000022793 =005 20130612121520 =008 ***********************************Ind** =035 ##$$0010-061300000022793 =041 ##$$a Ind =082 ##$$a 658 =090 ##$$a 658, Cah d =100 ##$$a Cahyani, Ati =245 ##$$a Dasa-dasar organisasi dan manajemen, Ati Cahyani =260 ##$$a 2004 $b Jakarta =300 ##$$a viii, 88 hlm, ilus, 21 cm =650 ##$$a Manajemen =850 ##$$a NBPNMAT